000
00324nam a22001337a 4500
008
230623b xxu||||| |||| 00| 0 eng d
020
_a
9966900683
082
_a
330
_b
MAG 1998
245
_a
Female Labour in Sudan
260
_b
African Economic Research Consortium
_c
1998
300
_a
25p
440
_n
30
942
_2
ddc
_c
BK
999
_c
2422
_d
2422